| 000 | 01217nam a22002777a 4500 | ||
|---|---|---|---|
| 001 | BD-DhSAU 8990 | ||
| 003 | BD-DhSAU | ||
| 005 | 20181224113901.0 | ||
| 008 | 150613b2008 bg a|||| m||| 00| 0 eng d | ||
| 040 | _aBD-DhSAU | ||
| 082 |
_222 _a635 _bH27 |
||
| 100 |
_aHasan, Mohammad Mahade _eRegistration # 00946 |
||
| 245 |
_aEffect of mulching and nitrogenous fertilizer on the growth and yield of Tomato / _bMS thesis _cMohammad Mahade Hasan, |
||
| 260 |
_aSher-e-Bangla Agricultural Uniersity : _bDepartment of Horticulture and Postharvest Technology, _c2008. |
||
| 300 |
_axiii, 74 p. : _bill. ; _c29 cm. |
||
| 500 | _aMS thesis of Department of Horticulture and Postharvest Technology , Faculty of Agriculture, Sher-e-Bangla Agricultural University, Dhaka, Bangladesh | ||
| 504 | _aIncludes bibliographical reference. | ||
| 590 | _aerfat | ||
| 650 | _aHorticulture and postharvest economy | ||
| 650 | _aEffect of mulching and nitrogen fertilizers | ||
| 650 | _aGrowth and yield of Tomato | ||
| 700 |
_aMahtabuddin, A K M _eSuperviser |
||
| 700 |
_aMiah, M A Mannan _eCo-superviser |
||
| 856 |
_yOnline Access _uhttp://archive.saulibrary.edu.bd:8080/xmlui/handle/123456789/988 |
||
| 942 |
_2ddc _cTHESIS |
||
| 999 |
_c8990 _d8990 |
||